Devinez la ville en France par vue aérienne - Statistiques

Statistiques générales
  • Ce quiz a été pris 82 fois
  • Le résultat moyen est 8 sur 20
Statistiques - réponses
Par images Hint Réponse % Correct
Île-de-France Saint-Denis
86%
PACA Nice
85%
Grand Est Nancy
69%
Centre-Val-de-Loire Tours
65%
Hauts-de-France Amiens
58%
Auvergne-Rhône-Alpes Annecy
57%
Occitanie Montpellier
44%
Normandie Cherbourg
42%
Normandie Caen
40%
Corse Corte
39%
Pays de la Loire Le Mans
39%
Nouvelle-Aquitaine Limoges
38%
Bourgogne-Franche-Comté Auxerre
36%
DOM / TOM Fort-de-France
32%
Centre-Val-de-Loire Chateauroux
28%
PACA Aix-en-Provence
21%
Nouvelle-Aquitaine Pau
19%
Grand Est Chalons-en-Champagne
18%
Auvergne-Rhône-Alpes Vichy
14%
Bretagne Guingamp
13%
Aucun quiz correspondant
Distribution des résultats
% des personnes avec chaque résultat
Percentile par nombre de réponses
Votre historique - résultats
Vous n’avez pas pris ce quiz